000 004020000a22001570004500
003 LK-CoMWRAF
008 230817t ||||| |||| 00| 0 eng d
040 _aLK-CoMWRAF
_dLK-CoMWRAF
_eLK-CoMWRAF
041 _aeng
082 _a060
_bSTA
245 _aStatistical abstract
_bof the democratic Sociolist Republic of Sri Lanka
260 _b
_a
_c
300 _ap.312
650 _aStatistics
942 _cBK
999 _c2683
_d2683